Concurso público : (Record no. 708)

MARC details
000 -LÍDER
Campo Fixo de Controle 00794nam a2200253 a 4500
001 - NÚMERO DE CONTROLE
Campo de Controle 708
003 - IDENTIFICAÇÃO DO NÚMERO DE CONTROLE
Campo de Controle BR-CuiBMT
005 - DATA E HORA DA ÚLTIMA ATUALIZAÇÃO
Campo de Controle 20231114004433.0
008 - DADOS FIXOS
Dados Fixos 231110s2020 mgb 000 0 por d
020 ## - INTERNATIONAL STANDARD BOOK NUMBER
Nº do ISBN 9788545006961
040 ## - AGÊNCIA CATALOGADORA
Código da Agência Catalogadora BR-CuiBMT
Agência que transcreveu o registro BR-CuiBMT
080 ## - Nº DA CLASSIFICAÇÃO DECIMAL UNIVERSAL
Nº Class. CDU 342.9
Nº edição CDU 2007
Subd. Auxiliar Comum (079.1)
090 ## - NÚMERO DE CHAMADA
Nº classificação 342.9(079.1)
Cutter T727c
100 1# - ENTRADA PRINCIPAL -- AUTOR PESSOAL
Nome pessoal Tourinho, Rita
245 10 - TÍTULO PRINCIPAL
Título principal Concurso público :
Subtítulo análise abrangente de questões doutrinárias, legais e jurisprudenciais /
Indicação de responsabilidade Rita Tourinho.
260 ## - PUBLICAÇÃO, DISTRIBUIÇÃO, ETC.
Local de publicação Belo Horizonte :
Editora Fórum,
Data 2020.
300 ## - DESCRIÇÃO FÍSICA
N. páginas ou volumes 312 p. ;
Dimensões 22 cm
504 ## - NOTA DE BIBLIOGRAFIA, ETC.
Nota de bibliografia Inclui bibliografia.
650 ## - ASSUNTO TÓPICO
Cabeçalho tópico ou nome geográfico Normas jurídicas
Subdivisão geral Concursos
650 ## - ASSUNTO TÓPICO
Cabeçalho tópico ou nome geográfico Direito administrativo
650 ## - ASSUNTO TÓPICO
Cabeçalho tópico ou nome geográfico Ordenamento jurídico
650 ## - ASSUNTO TÓPICO
Cabeçalho tópico ou nome geográfico Sistema jurídico
Subdivisão geral Questões doutrinárias
942 ## - ELEMENTOS DE ENTRADA ADICIONAIS (KOHA)
Fonte de classificação ou esquema de arquivamento Classificação Decimal Universal
Tipo de item do Koha Livros
Holdings
Estado: removido Estado: perdido Fonte de classificação ou esquema de arquivamento Estado: danificado Indisponível para empréstimo Localização permanente Localização atual Data de aquisição Total Checkouts Número de Chamada completo Código de barras Date last seen Número do exemplar Preço efetivo a partir de Tipo de item (Koha)
    Classificação Decimal Universal     Biblioteca da Escola Superior de Contas do TCE/MT Biblioteca da Escola Superior de Contas do TCE/MT 28/07/2023   342.9(079.1) T727c BIBTCEMT23080139 23/08/2023 Ex. 1 23/08/2023 Livros

Powered by Koha